| 000 | 01044nam a22002777a 4500 | ||
|---|---|---|---|
| 003 | dpl | ||
| 005 | 20180908135624.0 | ||
| 008 | 180908b xxu||||| |||| 00| 0 eng d | ||
| 010 | _a718556 | ||
| 020 | _c9.00 | ||
| 035 | _a718556, A-972858 | ||
| 037 | _bCen Lib/Ret | ||
| 040 |
_aDPL _bHN _c0 |
||
| 082 |
_aउ _bभैरप्पा |
||
| 100 |
_aभैरप्पा, स.लि. _944189 |
||
| 245 |
_aदायरे आस्थाओं के / _cस.लि. भैरप्पा |
||
| 246 |
_aDayre asthaon ke / _bby S.L. Bhairappa |
||
| 260 |
_aनयी दिल्ली _bभारतीय ज्ञानपीठ _c1973 |
||
| 270 |
_bनयी दिल्ली _aबी/45-47, कनोट प्लेस _e110001 |
||
| 300 |
_a206पृ. _c17सेमी (सजिल्द) |
||
| 650 |
_aहिन्दी साहित्य _957211 |
||
| 650 |
_aउपन्यास _957212 |
||
| 650 |
_aHindi literature _957213 |
||
| 650 |
_aFiction _98901 |
||
| 942 |
_2ddc _cHN _hउ _mभैरप्पा |
||
| 999 |
_c114535 _d114535 |
||